Optimalizácia portfólia investičných nástrojov v prostredí MS Excel

Vymedzenie pojmu portfólio. Diverzifikácia ako hlavný podnet na formovanie portfólia. Definícia rizka vo finančnej teórii. Kvantifikovanie rizika. Ilustračný príklad. Výsledky optimalizácie portfólia.

Guardado en:
Detalles Bibliográficos
Autor principal: Kanderová, Mária
Formato: Capítulo de libro
Lenguaje:eslovaco
Materias:
Etiquetas: Agregar Etiqueta
Sin Etiquetas, Sea el primero en etiquetar este registro!

MARC

LEADER 00000naa$a2200000$$$4500
001 0068336
005 20220505124528.1
041 0 |a slo 
044 |a SK 
245 1 0 |a Optimalizácia portfólia investičných nástrojov v prostredí MS Excel  |c Mária Kanderová 
520 |a Vymedzenie pojmu portfólio. Diverzifikácia ako hlavný podnet na formovanie portfólia. Definícia rizka vo finančnej teórii. Kvantifikovanie rizika. Ilustračný príklad. Výsledky optimalizácie portfólia. 
610 2 0 |a optimalizácia 
610 2 0 |a portfólio 
610 2 0 |a riziko finančné 
610 2 0 |a investori 
610 2 0 |a zisk kapitálový 
610 2 0 |a nástroje investičné 
610 2 0 |a programy počítačové 
610 2 0 |a systémy informačné 
100 1 |a Kanderová, Mária